ART OF LAPAROSCOPIC SURGERY TEXTBOOK & ATLAS (Record no. 25421)
[ view plain ]
| 000 -LEADER | |
|---|---|
| fixed length control field | 00437nam a22001697a 4500 |
| 003 - CONTROL NUMBER IDENTIFIER | |
| control field | SGT |
| 020 ## - INTERNATIONAL STANDARD BOOK NUMBER | |
| International Standard Book Number | 9789352708451 |
| 082 ## - DEWEY DECIMAL CLASSIFICATION NUMBER | |
| Classification number | 617 |
| Item number | A20P |
| 100 ## - MAIN ENTRY--PERSONAL NAME | |
| Personal name | PALANIVELU, C. |
| 245 ## - TITLE STATEMENT | |
| Title | ART OF LAPAROSCOPIC SURGERY TEXTBOOK & ATLAS |
| 250 ## - EDITION STATEMENT | |
| Edition statement | 2ND |
| 260 ## - PUBLICATION, DISTRIBUTION, ETC. (IMPRINT) | |
| Place of publication, distribution, etc | INDIA |
| Name of publisher, distributor, etc | JAYPEE PUB |
| Year of Publication | 20220 |
| 300 ## - PAGE DESCRIPTION | |
| No. of Pages | 333,763,1184,1642 |
| 650 ## - SUBJECT ADDED ENTRY--TOPICAL TERM | |
| Topical term or geographic name as entry element | GENERAL SURGERY |
| 653 ## - KEYWORDS--INDEX TERM | |
| Keyword term | ART OF LAPAROSCOPIC SURGERY TEXTBOOK & ATLAS |
| 942 ## - ADDED ENTRY ELEMENTS (KOHA) | |
| Source of classification or shelving scheme | Dewey Decimal Classification |
| Koha item type | Books |
No items available.